[Event "RUS-Cup01 Chigorin Memorial"]
[Site "St Petersburg RUS"]
[Date "1997.??.??"]
[Round "8"]
[White "Zakharevich, Igor"]
[Black "Guliev, Logman"]
[Result "1-0"]
[WhiteElo "2515"]
[BlackElo "2420"]
[EventDate "1997.11.01"]
[Annotator "Hazai"]
[EventType "swiss"]
[EventRounds "9"]
[EventCountry "RUS"]
[Source "ChessBase"]
[SourceDate "1998.01.31"]

1. d4 Nf6 2. c4 g6 3. Nc3 Bg7 4. e4 d6 5. Be2 O-O 6. Bg5 Nbd7 ( 6. ... Na6
{/\ e5 is the main weapon for Black against the Averbakh system these 
days.} ) 7. Qc2 {The idea is to overprotect the key-square e4 after e7-e5 
d4-d5. In some positions the R is stronger on d1, than in case of Qd2. 
Thirdly White can put his N on d2 as well.} 7. ... c6 8. Rd1 e5 9. Nf3 Qc7
? {The Q is very badly placed on c7 in most of these King's Indian 
positions.} ( 9. ... h6 10. Bc1 ( 10. Bh4 Qe7 ( 10. ... Re8!? ) 11. O-O g5
12. Bg3 Nh5 13. d5 c5 14. Rd2 Nf4 15. Nd1 f5 16. exf5 e4 17. Ne1 Nf6 18. 
Ne3 += {Zakharevich-Iskusnikh, Russia 1997} ) 10. ... Re8 11. O-O a5 12. 
Rfe1 exd4 ( 12. ... Qe7!? ) 13. Nxd4 Nc5 14. Bf1 a4 15. Bf4 Nh5 16. Be3 
Qa5 ~ {Steinbacher-Held, BL 1983} ) 10. O-O h6 11. Be3 ( 11. Bc1!? {/\} 
11. ... d5? 12. exd5 cxd5 13. dxe5 +- ) 11. ... Ng4 12. Bc1 d5? {Black 
wants to solve his structural problems with one stroke.} ( 12. ... f5? {
opens up the position against the better developed white pieces, therefore
it cannot be good.} 13. exf5 ( 13. Nh4!? exd4 14. exf5 dxc3 15. Bxg4 Ne5 
16. Bh3 g5 17. f4 cxb2 18. Bxb2 â†‘ ) 13. ... gxf5 14. Nh4 exd4 15. Nxf5 
Rxf5 16. Bxg4 Rf8 17. Ne2 +/- ) ( 12. ... a5 {was the persistant defence.}
13. h3 ( 13. d5 Nc5 ) ( 13. b3!? ) 13. ... exd4 14. Nxd4 Ngf6 15. Bf4 +/- 
{and the Q on c7 is a pest.} ) 13. h3 ( 13. exd5 $143 exd4! ) 13. ... exd4
14. hxg4 dxc3 15. cxd5 cxd5 16. exd5 Qd6 17. bxc3 Nc5 D {Kdyby bily 
ztratil pesce nebo dovolil cernemu strelci do hry, mohl by stat hure. 

Does Black have compensation for his pawn? And what should White do about 
it?

--------------------

Yes, he has comp. If White defends against . . . .Bxg4, Black gets good 
play ( 1 Nh2 Bd7 and . . . Ba4 or 1 g5  Bf5). 
White's antidote was 18 Rd4} ( 17. ... Nb6 18. c4 +- ) 18. Rd4!! +- {This 
is a very nice positional exchange sacrifice in order to eliminate the 
defensive B and conquer the centre completely!} ( 18. Nd4! Qxd5 19. Be3 
Re8 20. Nb5 Qe5 21. Rfe1 +/- ) ( 18. g5?! Bf5 ) 18. ... Bxd4 {Otherwise he
is a P down for nothing.} ( 18. ... Re8 19. Bf4 ( 19. Bb5 Bxd4 20. cxd4 
Nd7 21. Bxh6 = ) 19. ... Qd8 20. Bh2 a6 21. d6 b5 22. c4 += ) 19. cxd4 {
gives him excellent
compensation of his own} 19. ... Na6?! ( 19. ... Nd7 20. Bxh6 Re8 21. Bd3 
{ 22. Bxg6 }) 20. Ne5! Rd8? ( 20. ... Qxd5? 21. Bc4 Nb4 +- ) ( 20. ... Nb4
!? 21. Qb3 Rd8 22. g5 h5 23. Bf4 +/- ) 21. Qd2! {/\ Qh6} 21. ... Qf8?! +- 
( 21. ... Qf6!? ) 22. Bc4 {/\ d6} 22. ... Nc7 23. d6 Ne6 24. Ba3 Qg7 25. 
Re1 g5 26. Qd3 Qf6 27. Re3 {/\ Rf3} 27. ... Qg7 28. Rf3 f6 29. d7 1-0

[Event "Rumania"]
[Site "Rumania"]
[Date "1982.??.??"]
[Round "1"]
[White "Ciolac, Gheorghe"]
[Black "Gheorghiu, Florin"]
[Result "0-1"]
[WhiteElo "2280"]
[BlackElo "2550"]
[EventDate "1982.??.??"]
[PlyCount "86"]

1. e4 c5 2. Nf3 e6 3. d4 cxd4 4. Nxd4 a6 5. Bd3 Nf6 6. O-O d6 7. c4 b6 8. 
Nc3 Bb7 9. Re1 Be7 10. f4 O-O 11. Nf3 Nc6 12. a3 Rc8 13. Bd2 Na5 14. b3 b5
15. cxb5 d5 16. e5 Qb6+ 17. Kh1 Ng4 18. Re2 axb5 19. Nxb5 Nc4 20. Nbd4 Nb2
21. Bxh7+ Kxh7 22. Qb1+ g6 23. Qxb2 Ba6 24. Be1 Bxe2 25. Qxe2 Nh6 26. Bf2 
Qa5 27. Be1 Qb6 28. Bf2 Qb7 29. h3 Nf5 30. Nb5 D {White has given up the 
Exchange for two pawns. Does he have other
compensation - and what should Black do?

-----------

White would have solid positional compensation if he's allowed to play
g2-g4 and establish an unassailable knight on d4.
Black's best is} 30. ... d4?! {Even though it increases White's material 
compensation, it reduces his positional plusses. Now 2 g4 Ne3 or 2 . . 
.Rfd8 !
3 gxf5 d3 and . . .Qxb5 is good for Black.
White played} ( 30. ... Bc5 31. a4 Be3 32. Nd6 Nxd6 33. Qxe3 Ne4 = ) 31. 
Nbxd4 Nxd4 32. Nxd4 {and Black had the edge after} 32. ... Rc3 33. Kh2 
Rfc8 += {All of his pieces are working ( . . .Qd5, . . .Rlc1 ) and the 
game ended abruptly after one mistake} 34. Qb2? {which allowed Black to 
win with} ( 34. Ra2 Kg7 35. b4 Qd5 36. Rd2 += ) 34. ... Qe4! 35. g3?? ( 
35. Re1 Qxf4+ 36. g3 Bxa3! 37. Qa2 Rxg3 38. Bxg3 Qxd4 39. Qf2 Qxf2+ 40. 
Bxf2 =+ ) ( 35. Kg1 Qd3 ( 35. ... Rc2? 36. Nxc2 Rxc2 37. Qd4 Qc6 ) 36. b4 
R8c4 37. Nf3 Rxf4 -/+ ) 35. ... Rc2 -+ 36. Nxc2 Rxc2 37. Qxc2 Qxc2 -+ 38. 
Kg2 Bc5 39. Rf1 Bxa3 40. Re1 Bc5 41. Rf1 g5 42. Kg1 gxf4 43. gxf4 Bb4 0-1

[Event "Las Palmas3"]
[Site "Las Palmas ESP"]
[Date "1993.??.??"]
[Round "6"]
[White "Smirin, Ilia"]
[Black "Garcia Ilundain, David"]
[Result "1-0"]
[WhiteElo "2640"]
[BlackElo "2480"]
[EventDate "1993.12.??"]
[Annotator "Ernst"]
[EventType "tourn"]
[EventRounds "9"]
[EventCountry "ESP"]
[EventCategory "13"]
[Source "ChessBase"]
[SourceDate "2004.01.01"]
[WhiteTeamCountry "GER"]
[BlackTeamCountry "GER"]

1. e4 c5 2. Nf3 d6 3. d4 cxd4 4. Nxd4 Nf6 5. Nc3 Nc6 6. Be2 e5 7. Nf3 h6 
8. O-O Be7 9. Re1 O-O 10. h3 Be6 11. Bf1 Qa5 12. Bd2 Qd8 13. Bc1 ( 13. Na4
Nh7 14. c4 += {Krupkova,P-Grabics,M/Duisburg Wchj/1992/} ) 13. ... Qa5 14.
 a3 Rac8 ( 14. ... Rfc8 15. Rb1 Nb8 ( 15. ... Qc7 16. Nb5 Qd8 17. b3 a6 
18. Nc3 Nb8 = {Smirin, I-Benjamin,J/Groningen PCA/1993/} ) 16. Nh4?! Nc6 
17. Nf3 Nb8 += {Remis in Kramnik-Makarov/USSR/1990/} ) 15. Rb1 Nb8 D {No 
threats and no easy targets. Not much seems to be happening, says the
amateur.
The reality is quite different to a master. White can improve his position
hugely with a few moves, starting with} ( 15. ... a6 16. b4 Qc7 17. Nd5 
+/- {Smirin,I-Tukmakov,V/USSR-ch/1989/} ) 16. Nb5! {also the a-pawn if he 
can drive Black's queen away.
Before playing Nb5 White had to make sure it wouldn't be refuted by
16 . . . a6 17 Nxd6 Rfd8, pinning the knight. Once he saw that 18 Nxb7 or 
Nxc8
Rxd1  Nxe7+ are good, he can be confident that Nb5 works tactically.
But this isn 't about tactics. White didn't expect to win the d-pawn. He
assumed Black would defend it, which he did, with} 16. ... Rfd8 {White's 
reasoning
became clearer after the game continued} 17. Bd2 Qa6 D {Most amateurs - 
and masters as well - would be looking at the discovered
attacks on the queen, such as 18 Nc7 or Nd4.

But it turns out that there's no way to win material, and 18 Nc7 Qc6 19 
Nxe6
fxe6 20 Bd3 Nbd7, for example, isn't a clear edge for White.
When White decided on Nb5 ! he also had a positional goal : He wanted to
push his c-pawn to the fourth rank. That would create a very favorable 
pawn
structure, a very good version of the Maroczy Bind. It is called a bind 
because
it virtually rules out Black's main sources ofcounterplay, the advances 
... b5 and .. . d5.
Black couldn't stop this plan, so the game continued} 18. b3! Nbd7 19. c4!
+/- D {No Black counterplay means no White urgency, as we saw in Chapter 
Five.
White has time to favorably reorganize his pieces. For example, he might
continue Bc1 and Nd2, so that the a-pawn and e-pawn are protected. Then he
can expand with b3-b4 and Nc3-d5 ! .
In the game, Black tried to thwart that with} 19. ... Nc5 {threatening the
e-pawn.
But after White replied} 20. Nc3 {Black saw that 20 . . . Qxa3 would lose 
to 21 b4, e.g.
20 . . .Ncd7 21 Ra1 Qxb4 22 Nd5 .
To avoid a positional rout, he tried} 20. ... b5 {But this made matters 
worse and
he was lost soon after} ( 20. ... Qxa3? 21. b4 Ncd7 22. Ra1 Qxb4 23. Nd5 
Nxd5 24. cxd5 +- ) 21. b4! Ncd7 22. cxb5 Qxa3 23. Re3! +- {His queen is 
trapped
and vulnerable to Nd5 or Ne1 -c2.
Black lost after} 23. ... Bf8 24. Ne1! Nb6 25. Nc2 {But the turning point 
occurred
back at the first diagram when White realized he could achieve the Maroczy
Bind structure and knew it would favor him greatly.} 25. ... Bb3 26. Nxa3 
Bxd1 27. Rxd1 d5 28. Nxd5 Nfxd5 29. exd5 Nxd5 30. Rd3 Nxb4 31. Bxb4 Rxd3 
32. Bxd3 Bxb4 33. Nc4 e4 34. Be2 f5 35. Rd7 Bc5 36. Bh5 Kh7 37. Ne5 Bb6 
38. Bg6+ Kg8 39. Nc6 a6 40. Ne7+ 1-0

[Event "Manila ol (Men)"]
[Site "Manila PHI"]
[Date "1992.??.??"]
[Round "?"]
[White "Shirov, Alexei"]
[Black "Hulak, Krunoslav"]
[Result "1-0"]
[WhiteElo "2655"]
[BlackElo "2515"]
[EventDate "1992.06.08"]
[Annotator "Shirov"]
[EventType "team"]
[EventRounds "14"]
[EventCountry "PHI"]
[Source "ChessBase"]
[SourceDate "2004.01.01"]
[WhiteTeamCountry "GER"]
[BlackTeamCountry "SWE"]

1. d4 d6 2. e4 Nf6 3. Nc3 g6 4. f4 Bg7 5. Nf3 c5 6. Bb5+ Bd7 7. Bxd7+!? ( 
7. e5 Ng4 8. e6 fxe6 9. Ng5 Bxb5 = {
Shirov,A-Khalifman,A/Groningen/1990/1/2-1/2/20/ -> CBM21 [King] 
Prie,E-Chabanon,JL/FRA-ch/1991/1-0/74/ -> CBM27 [Stohl]} ) 7. ... Nfxd7 ( 
7. ... Nbxd7! 8. e5 ( 8. d5 O-O 9. O-O b5 ~ ) 8. ... Nh5 9. exd6 ( 9. g4? 
Nxf4! 10. Bxf4 cxd4 -/+ ) 9. ... O-O 10. O-O exd6 11. dxc5 dxc5 12. f5 Ne5
= {Sax,G-Ehlvest,J/Haninge/1990/1/2-1/2/15/ -> CBM18 [King]} ) 8. d5 Na6 
9. Qe2 O-O 10. O-O e6?! ( 10. ... Nc7 âŒ“ 11. Rd1 a6 12. a4 b5! 13. axb5 
axb5 14. Rxa8 Qxa8 15. Nxb5 Qa6 16. Nc3 Bxc3 17. Qxa6 Nxa6 18. bxc3 Rb8 
=/& ) 11. dxe6 fxe6 12. Rd1 Nb6 ( 12. ... Qe7? 13. Qd3 ) ( 12. ... Qb6 13.
 Qd2 +/- ) 13. a4 Nc7 14. e5 ( 14. a5 âŒ“ Nc8 15. e5 d5 16. Ne4 Qe7 17. 
Neg5 +/- {/\ 18.c4} ) 14. ... d5 15. Ne4 Qe7 16. Nd6 Ne8 17. a5 Nd7?! ( 
17. ... Nc8 18. Nxe8 Qxe8 19. Qf2! ( 19. c4 Ne7 ) 19. ... c4!? ( 19. ... 
Qc6 20. Qh4! +/- ) 20. Qh4! Qe7 ( 20. ... Ne7 21. Ng5 h6 22. Nxe6 Nf5 23. 
Nxg7 +- ) 21. Qh3! Re8 22. Be3 += ) 18. Nxe8 Rfxe8 D {This structure is 
harder to evaluate. It doesn't fit into any of the familiar
patterns. Black has more pawns in the center. But White's pawns do a 
better job
of limiting enemy pieces.
This is a case where a pawn structure suggests a maneuver. White's 
darksquared
bishop can control the best diagonal on the board after Be3-f2-h4 or
Bd2-e1 - h4. But there's a drawback to the bishop maneuver. On h4, the 
bishop
no longer protects f4. The f-pawn would become Black's best target, a 
source of
counterplay.
So White looks for another plan. What do you do when you can't exploit the
pawn structure? Change it to a better one. White played} 19. c4! {A target
at e6 is exposed and vulnerable to Rd6 and Ng5. Black can't maintain a 
pawn on d5
because  Qf7? allows Ng5 ! .
That leaves 1 . . . d4, which White realized was a distinctly favorable
structure. True, Black will have a protected passed d-pawn. But once again
this
is a case of what matters most. White can exploit the hole at d6 with 
Ng5-e4-
d6. Or, after Ng5, he can attack the kingside with Ra3-h3 and Qe4.
So play went} 19. ... d4 ( {His advantage would b e evident after} 19. ...
 dxc4 20. Qxc4 ) 20. Ng5! Nb8 21. Ra3! Nc6 ( 21. ... Bh6 22. Ne4 Bg7 23. 
Nd6 Rd8 24. Qe4 +- ) 22. Rh3 h6 23. Ne4 +- Rad8 {White added
more firepower with} 24. Rdd3 {Thanks to his highly favorable structure, 
White has a choice of winning
methods. He can double rooks on g-file. Or he can grab material with Nd6. 
He
opted for the latter and Black resigned soon after} 24. ... Qf7 25. Bd2 b6
( 25. ... Ne7 26. Nxc5 +- ) 26. axb6 axb6 27. Nd6 Rxd6 28. exd6 Nb8 ( 
28. ... Rd8 29. Rb3 +- ) 29. Ra3 Kh7 30. Qe4 Bf8 31. Rhb3 1-0

[Event "Candidates sf2"]
[Site "Dortmund GER"]
[Date "2002.07.14"]
[Round "2"]
[White "Topalov, Veselin"]
[Black "Bareev, Evgeny"]
[Result "0-1"]
[WhiteElo "2745"]
[BlackElo "2726"]
[EventDate "2002.07.13"]
[Annotator "Lukacs"]
[EventType "match"]
[EventRounds "4"]
[EventCountry "GER"]
[Source "ChessBase"]
[SourceDate "2002.09.20"]
[WhiteTeamCountry "POL"]
[BlackTeamCountry "POL"]

1. e4 {Good and Bad

Students don't pay much attention to pawn structures when they are 
starting
out. They don't have to. They usually play standard openings, such as the 
Ruy
Lopez, Queen's Gambit Declined, Giuoco Piano, and the Sicilian, 
NimzoIndian,
King's Indian and Queen's Indian Defenses, and so on.

Each of these leaves you off, after I 0 or so moves, with a more or less
familiar pawn structure that is also more or less even. But when the 
middlegame
begins, the structure begins to matter because either side can change it. 
A master
not only knows what a good one looks like, but what to do about a bad one.
} 1. ... c6 2. d4 d5 3. Nc3 dxe4 4. Nxe4 Bf5 5. Ng3 Bg6 6. h4 h6 7. Nf3 
Nd7 8. h5 Bh7 9. Bd3 Bxd3 10. Qxd3 e6 11. Bf4 Ngf6 12. O-O-O Be7 13. Kb1 
O-O 14. Ne5 Qa5 ( 14. ... c5?! {is premeture in view of} 15. Qb5! Qc8 16. 
Nxd7 Nxd7 17. d5 exd5 18. Nf5 Bf6 19. Rxd5 +/- {Trupan-Pashkov, Krasnodar 
op 1997} ) ( 14. ... Rc8 {/\ c5, or sometimes b5 when >< c6 is defended.} 
15. Qe2 ( 15. Qf3 Qa5 16. c4 Rfd8 17. Rd3 Qa6! {- Glek-Bareev, RUS-ch51 
St.Petersburg 1998 CBM 67} ) ( 15. c4 c5 ) ( 15. Ne4 {The passive g3 N 
causes a lot of trouble for White, it's natural place is on e4. On the 
other hand White has to avoid the mass exchanges in the [+].} 15. ... Nxe4
16. Qxe4 Nf6 17. Qe2 Qb6 18. Rh3 {The R is excellent on the third rank.} 
18. ... c5 19. Rg3 Kh7 20. Rb3 Qa6 21. c4 Rcd8 22. dxc5 Rxd1+ 23. Qxd1 
Bxc5 24. Qf3 +/- {Moreno Carnero-Rasnussen, Anibal Open Linares 2002} ) 
15. ... b5 {Black wants to blockade the light squares, especially d5.} 16.
 Nxd7 Qxd7 17. Be5 Rfd8 18. Bxf6 Bxf6 19. Ne4 Qe7 ~ {Macieja-Rasmussen, 
EU-ch 1st Saint Vincent 2000} ) ( 14. ... Nxe5 15. Bxe5 Ng4 16. Qe2 Nxe5 
17. dxe5 Qc7 18. f4 Rfd8 19. Ne4 Rxd1+ 20. Rxd1 {White still retains the 
somewhat better chances in the _|_ due to his superior N and better P 
structure. However Black can make a draw with precise technical play.} 
20. ... Rd8 {+/=/= Arnold-Groszpeter, Paks Cup GM 2000} ) 15. Ne4 ( 15. 
Ne2 {White avoids the exchanges in the [+] and prepares the push g4-g5.} 
15. ... Rad8 16. Qb3 Qa6 17. Qf3 Nd5 18. Bc1 Nxe5 19. dxe5 Nb6 20. Qg4 Kh8
21. Qe4 {White's Q manoeuvres fail to impress.} 21. ... Rd5 22. Nc3 Ra5 
23. Rh3 Nd5 =, quiet {Jonkman-Gyimesi, Andorra op 2001} ) ( 15. Nxd7 Nxd7 
16. Ne4 Qf5 17. Qf3 Nf6 18. Nxf6+ Bxf6 19. g4 Qd5 20. Rh3 {This type of 
_|_ cannot be bad for Black.} 20. ... Rad8 21. Bxh6 Qxf3 22. Rxf3 Rxd4 23.
 Rxd4 Bxd4 24. Bc1 f5 =, quiet {Emms-Lars Bo Hansen, Politiken Cup 1996} )
15. ... Nxe4 ( 15. ... Rad8 16. Nxf6+ Nxf6 17. Qg3 Kh8 18. Rd3 c5 19. Qf3 
Rxd4 20. Rxd4 cxd4 21. Qxb7 Nd5 {Black has an active counterplay, winning 
b7 is rarely good.} 22. Bg3 Qa4 23. Qb3 Qa6 24. Qd3 Qa4 ~ {Adams-Bareev, 
Sparkassen Gp 2 Dortmund 2002} ) 16. Qxe4 Rad8 17. c4 Nxe5 18. Bxe5?! {
White wants to complicate matters, butin his P structure >< d4 remains a 
target.} ( 18. dxe5 Rxd1+ 19. Rxd1 Rd8 {leads to an only slightly better 
_|_ for White.} ) 18. ... Bd6! 19. f3 ( 19. Bxd6 Rxd6 20. Qe5 Qd8 =+ {and 
Black will triple his heavy artillery on the d <->.} ) ( 19. g4!? Be7 ( 
19. ... Rd7 20. g5! ) 20. Rd3 Rd7 21. Rhd1 Rfd8 =+ {and White has no real 
chances on the >>, therefore he has to defend >< d4.} ) 19. ... Rd7 20. 
Bxd6 Rxd6 D {This structure is typical, at least in terms of the center 
pawns, of a Caro-Kann
Defense and of some queenside openings. White enjoys more space but both 
his
d-pawn and h-pawn can become targets. This explains} 21. Qe5 Qd8! 22. Rd3 
{'?!' Ftacnik.} 22. ... b5! {This is the typical method worsening White's 
P structure.} 23. b3?! ( 23. c5 {creates a weak backward P on d4} 23. ... 
Rd5 =+ ) ( 23. cxb5 Rd5! 24. Qe4 cxb5 -/+ {is even worse, the isolated P 
is a real target in R endgames.} ) 23. ... bxc4 24. bxc4 Qe7 {White has to
keep an eye on his K because of the opened b <->.} ( 24. ... f6 25. Qc5 
Qb6+ =+ ) 25. Kc2 ( 25. Rb3 Qd7 =+ ) 25. ... Rfd8 {It's isn't easy to 
exploit White's king. But as we saw in Chapter Seven, in
positions like this, it should be much easier to play Black's position 
than
White's. Black eventually won after} 26. Qc5 R8d7 27. Rhd1 Qh4 28. g4 f6 
29. Qb4 ( 29. R1d2 Qg3 =+ ) 29. ... f5!? {Black wants to ruin White's P 
chain on the >> widening the battlefront.} 30. Qb8+ ( 30. gxf5 exf5 31. 
Qb8+ Kh7 32. Qe8 Qf6 -/+ ) 30. ... Kh7 31. Qe8 Qf6 32. c5 Rd5 33. Re1 Re7!
{Black gives the weak c6 P, but penetrates into White's position and the K
in the middle becomes more vulnerable.} ( 33. ... Rxd4 34. Rxd4 Rxd4 35. 
Qg6+ Qxg6 36. hxg6+ Kxg6 37. Rxe6+ Kg5 -/+ ) 34. Qxc6 ( 34. Qg6+ Qxg6 35. 
hxg6+ Kxg6 36. Rde3 Kf6 -+ {and the R _|_ is lost because of the many 
additional weaknesses besides the loss of the P.} ) 34. ... fxg4 35. fxg4 
Qf2+ 36. Kd1 Rxd4 -+ 37. Rxd4 Qxd4+ 38. Kc2 Qc4+ 39. Kd2 Qxa2+ {With a K 
like that it is very difficult to save the _|_.} 40. Ke3 Qb3+ 41. Ke2 Qc2+
42. Ke3 Qc3+ 43. Ke2 Qe5+ 44. Kd2 Qd4+ 45. Kc2 Qc4+ 46. Kd2 Qb4+ 47. Ke2 
Qb2+ 48. Ke3 Qc3+ 49. Ke2 Qe5+ 50. Kd2 Qd4+ 51. Kc2 Qc4+ 52. Kd2 Qb4+ 53. 
Ke2 Rf7! {and finally the R joins the ->.} 54. Qxe6 Rf6 55. Qd5 Qxg4+ 56. 
Kd3 Rf5 57. Re5 Qg3+ 58. Kd4 Qf2+ 0-1